| 000 | 00695nam a22002537a 4500 | ||
|---|---|---|---|
| 003 | dpl | ||
| 005 | 20180730155934.0 | ||
| 008 | 180730b xxu||||| |||| 00| 0 eng d | ||
| 010 | _aB-059521 | ||
| 020 | _c00.00 | ||
| 035 | _aB-059521, B-059530 | ||
| 037 | _bCen Lib/Ret | ||
| 040 |
_aDPL _bEN _c0 |
||
| 082 |
_aN _bCHA |
||
| 100 |
_aChawla,Nishi _912583 |
||
| 245 |
_aTwist of truth / _cby Nishi Chawla |
||
| 260 |
_aNew Delhi _bHar-Anand publications _c2001 |
||
| 270 |
_aD-9,Anand Niketan _bNew Delhi _e110021 |
||
| 300 |
_a120p. _c21cm(Hb) |
||
| 500 | _aIncludes glossary | ||
| 650 |
_aEnglish literature _973701 |
||
| 650 |
_aNovel -Terrorism _973702 |
||
| 942 |
_2ddc _cEN _hN _mCHA |
||
| 999 |
_c124980 _d124980 |
||